LEADER 01343nam0-2200421---450- 001 990001160080203316 005 20100702101930.0 010 $a88-13-20978-9 035 $a000116008 035 $aUSA01000116008 035 $a(ALEPH)000116008USA01 035 $a000116008 100 $a20030702d1998----km-y0enga50------ba 101 0 $aita 102 $aIT 105 $ay|||z|||001yy 200 1 $aNuove garanzie personali reali$egarantievertrag, fideiussione omnibus, lettere di patronage, sale - lease - back$fRosanna De Nictolis 210 $aPadova$cCedam$d1998 215 $aXX, 618 p.$d24 cm 225 2 $aEnciclopedia$v11 410 0$12001$aEnciclopedia$v11 606 0 $aGaranzia 676 $a346.45074 700 1$aDE NICTOLIS,$bRosanna$0147554 801 0$aIT$bsalbc$gISBD 912 $a990001160080203316 951 $aXXX.A. Coll. 159/ 15 (COLL HCB 11)$b36072 G.$cXXX.A. Coll. 159/ 15 (COLL HCB)$d00096882 951 $aCOLL II 11$b1616 DIRCE 959 $aBK 969 $aGIU 969 $aDIRCE 979 $aMARIA$b10$c20030702$lUSA01$h0923 979 $aRENATO$b90$c20030904$lUSA01$h1021 979 $aPATRY$b90$c20040406$lUSA01$h1721 979 $aDIRCE$b90$c20050111$lUSA01$h1338 979 $aRSIAV4$b90$c20100702$lUSA01$h1019 996 $aNuove garanzie personali reali$9983638 997 $aUNISA